| 000 | 01175cam a22001934a 4500 | ||
|---|---|---|---|
| 005 | 20250605163352.0 | ||
| 008 | 250528s ||||||||||||||||||||||||d | ||
| 035 | _a17730 | ||
| 020 | _a9789604646654 | ||
| 040 |
_aGR-AtMCL _bgre _dGR-AtMCL _eAACR2 |
||
| 245 | 1 | _aΕλληνική Αεροπορική Βιομηχανία / 40 Χρόνια/ Years - 1975-2015 | |
| 260 |
_bΔιεύθυνση Δημοσίων Σχέσεων & Υπηρεσίας Τύπου Εαβ, _c2015 |
||
| 300 | _a166 | ||
| 520 | _aΠρόλογος, Χαιρετισμοί, Η Ίδρυση, Οι Εγκαταστάσεις, ΕΑΒ και Δήμος Τανάγρας, Αεροσκάφη, Κινητήρες, Αεροκατασκευές, Ηλεκτρονικά, Έρευνα και Ανάπτυξη, Εκπαίδευση, Ποιότητα, Περιβάλλον, Εταιρική Υπευθυνότητα, Ιερός Ναός Αγίας Ευγενίας, Εργασιακός Αθλητισμός, Σωματείο Εργαζομένων ΕΑΒ, 40 Χρόνια Εμπειρία, Αντί Επιλόγου, Διοικήσεις. | ||
| 942 | _cBK | ||
| 999 |
_c3131 _d3131 |
||